000 00603nam a2200181Ia 4500
003 GCL
008 140319s9999 xx 000 0 ara d
040 _aGCL /
_cGCL
082 0 4 _a551.7
_bا ق
100 1 _aانور عبدالعليم
245 1 0 _aقصةالحياة ونشأتها على الارض (هدية من الاديب عبدالفتاح الجمل) /
_cانور عبدالعليم
300 _a156 ص
490 _aالمكتبة الثقافية
_v0
650 0 4 _aالارض
650 0 4 _aالعصور الجيولوجية
650 0 4 _aالكائنات الحية
942 _2ddc
_cBK
999 _c40453
_d40453